Thiết kế chế tạo đầu phân độ điện tử cho máy phay truyền thống : Báo cáo tổng kết đề tài nghiên cứu khoa học của sinh viên
Thiết kế cải tiến đầu phân độ truyền thống thành đầu phân độ điện tử phục vụ phay bánh răng độ chính xác cao.
Guardado en:
| Autor principal: | |
|---|---|
| Formato: | Libro |
| Lenguaje: | Undetermined |
| Publicado: |
Cần Thơ
Trường Đại học Cần Thơ
2017
|
| Materias: | |
| Etiquetas: |
Agregar Etiqueta
Sin Etiquetas, Sea el primero en etiquetar este registro!
|
| Thư viện lưu trữ: | Trung tâm Học liệu Trường Đại học Cần Thơ |
|---|
| LEADER | 01034nam a2200217Ia 4500 | ||
|---|---|---|---|
| 001 | CTU_230573 | ||
| 008 | 210402s9999 xx 000 0 und d | ||
| 082 | |a 671.35 | ||
| 082 | |b Th455 | ||
| 088 | |a TSV2017-08 | ||
| 100 | |a Phạm, Lê Minh Thông | ||
| 245 | 0 | |a Thiết kế chế tạo đầu phân độ điện tử cho máy phay truyền thống : | |
| 245 | 0 | |b Báo cáo tổng kết đề tài nghiên cứu khoa học của sinh viên | |
| 245 | 0 | |c Phạm Lê Minh Thông (Chủ nhiệm đề tài) ; Võ Minh Trí (Cán bộ hướng dẫn) | |
| 260 | |a Cần Thơ | ||
| 260 | |b Trường Đại học Cần Thơ | ||
| 260 | |c 2017 | ||
| 520 | |a Thiết kế cải tiến đầu phân độ truyền thống thành đầu phân độ điện tử phục vụ phay bánh răng độ chính xác cao. | ||
| 650 | |a Metal-cutting,Cắt kim loại | ||
| 910 | |b nthai | ||
| 980 | |a Trung tâm Học liệu Trường Đại học Cần Thơ | ||